Włoskie miasta - nagła śmierć - Statystyki

Ogólne statystyki
  • Ten quiz został rozwiązany 6 543 razy
  • Średni wynik to 12 z 14
Answers on the Grid
Answers color-coded by a green-red scale on the quiz's grid according to % correct below.
Rzym
Madryt
Florencja
Praga
Mediolan
Werona
Bolonia
Rio De Janeiro
Palermo
Medellín
Sao Paulo
Neapol
Genua
Buenos Aires
Turyn
Bogota
La Plata
Katania
Córdoba
Cali
Perugia
Caracas
Bergamo
Helsinki
Empoli
Cagliari
Santiago
Porto
 
Statystyki odpowiedzi
Odpowiedź % Poprawnych
Rzym
99%
Mediolan
95%
Florencja
93%
Bolonia
91%
Neapol
90%
Palermo
90%
Werona
90%
Turyn
85%
Genua
78%
Bergamo
75%
Cagliari
73%
Empoli
73%
Perugia
68%
Katania
62%
Nie znaleziono quizów pasujących do podanych kryteriów
Rozkład punktacji
Procent ludzi z każdym wynikiem
Percentyl według liczby udzielonych odpowiedzi
Twoja historia wyników
Nie rozwiązałeś tego quizu